| 000 | 00543nam a2200181Ia 4500 | ||
|---|---|---|---|
| 008 | 140609s9999 xx 000 0 und d | ||
| 020 | _a9781412980531 | ||
| 050 |
_aHF 5823 _b.T155 2012 |
||
| 100 | _aTag, Nancy R. | ||
| 245 |
_aAd critique : _bhow to deconstruct ads in order tobuild better advertising / _cNancy R. Tag |
||
| 260 |
_aThousand Oaks, Calif. : _bSAGE, _cc2012. |
||
| 300 |
_a199 p. : _bill. ; _c23 cm. |
||
| 500 | _aIncludes index. | ||
| 521 | _aMC | ||
| 650 | _aCriticism. | ||
| 942 |
_kFOR _cBK |
||
| 999 |
_c117935 _d117935 |
||